Industrias de alimentación en la provincia de Castellón / (Record no. 101671)

MARC details
000 -LEADER
campo de control de longitud fija 00485nam a2200145 i 4500
001 - NÚMERO DE CONTROL
campo de control 101671
003 - IDENTIFICADOR DE NÚMERO DE CONTROL
campo de control ES-MaACL
007 - CAMPO FIJO DE DESCRIPCIÓN FÍSICA--INFORMACIÓN GENERAL
campo de control de longitud fija t|
008 - DATOS DE LONGITUD FIJA--INFORMACIÓN GENERAL
campo de control de longitud fija 051021s1953 sp ||||1| spa d
100 1# - ENTRADA PRINCIPAL--NOMBRE DE PERSONA
Nombre de persona Meliá Tena, Casimir.
9 (RLIN) 79963
245 10 - MENCIÓN DEL TÍTULO
Título Industrias de alimentación en la provincia de Castellón /
Mención de responsabilidad, etc. C. Meliá Tena.
260 ## - PUBLICACIÓN, DISTRIBUCIÓN, ETC.
Lugar de publicación, distribución, etc. Castellón de la Plana :
Nombre del editor, distribuidor, etc. [s.n.],
Fecha de publicación, distribución, etc. 1953 (
Fabricante Gráf. Armengot)
300 ## - DESCRIPCIÓN FÍSICA
Extensión XI, 151 p., 4 h., 1 gráf. pleg. ;
Dimensiones 27 cm.
852 ## - LOCALIZACIÓN
Ubicación ES-MaACL
Número de control de estantería C-7482
Sublocalización o colección R.35542
Holdings
Estatus retirado Estado de pérdida Estado de daño No para préstamo Biblioteca de origen Biblioteca actual Ubicación en estantería Fecha de adquisición Fuente de adquisición Total de préstamos Signatura topográfica completa Código de barras Visto por última vez Precio de reemplazo Tipo de ítem Koha
        Biblioteca del Ateneo de Madrid Biblioteca del Ateneo de Madrid Sala Palomar 17/01/2008     C-7482 1106143 23/02/2023 23/02/2023 Libro impreso